Recursos públics destinats als boscos catalans, període 1984-1997 / Adriano Raddi
ISBN:
84-7794-698-1
Publicado:
Barcelona :
Diputació de Barcelona, Oficina Tècnica de Prevenció Municipal d'Incendis Forestals ,
2000
Descripción Física:
119 p. : amb gràf. estadístiques ; 30 cm
Colección:
Quaderns d'informació tècnica ; 3
MARC
| LEADER | 00000nam a2200000Ia 4500 | ||
|---|---|---|---|
| 001 | 12680 | ||
| 008 | 160829s2000 xx 000 0 cat d | ||
| 020 | |a 84-7794-698-1 | ||
| 080 | |a C-1-30 | ||
| 100 | |a Raddi, Adriano |9 1727 | ||
| 245 | |a Recursos públics destinats als boscos catalans, període 1984-1997 / Adriano Raddi | ||
| 260 | |a Barcelona : |b Diputació de Barcelona, Oficina Tècnica de Prevenció Municipal d'Incendis Forestals, |c 2000 | ||
| 300 | |a 119 p. : |b amb gràf. estadístiques ; |c 30 cm | ||
| 490 | |a Quaderns d'informació tècnica ; 3 | ||
| 590 | |a Annexos | ||
| 650 | 0 | |a Incendis forestals |x Prevenció i control |9 50256 | |
| 650 | 0 | |a Incendis forestals |9 53425 |z Catalunya |y 1984-1997 | |
| 710 | |a Barcelona (Catalunya : Província). |b Oficina Tècnica de Prevenció Municipal d'Incendis Forestals |9 9456 | ||
| 901 | |a Arxiu | ||
| 942 | |n 1 |2 udc | ||
| 952 | |0 0 |1 0 |4 0 |6 C130 |7 1 |9 41612 |a Arxiu |b Arxiu |d 2016-12-01 |l 0 |o C-1-30 |p 12680 |r 2016-12-01 00:00:00 |w 2016-12-01 |y ARXIU | ||
| 999 | |c 43502 |d 43502 | ||